THE HISTORY OF MINING UNIFORMS - 15TH AND 16TH CENTURIES

Bibliographic Details
Main Authors: Rybár, Pavol, 1950- (Author), Engel, Jacek, 1959- (Author)
Format: Article
Language:English
ISBN:9788055304786

MARC

LEADER 00000naa a2200000uu 4500
001 vtls011083056
003 SK-MaSNL
005 20260302132322.0
008 210909|2010 xo |||||||||||||||||eng|
015 |a SNBRA 
035 |a (urnnbn)urn:nbn:sk:snk:ar-a0ck4a 
035 |a (uuid)3e52136a-86c9-4019-b60a-800f216b4464 
035 |a urn:nbn:sk:snk-aavq2j 
040 |a SNKBUCL  |b slo  |c SNKBUCL  |e AACR2 
041 0 |a eng 
044 |a xo  |c SK 
100 1 |a Rybár, Pavol,  |d 1950-  |4 aut  |9 199655 
245 1 0 |a THE HISTORY OF MINING UNIFORMS - 15TH AND 16TH CENTURIES  |c Pavol Rybár, Jacek Engel 
700 1 |a Engel, Jacek,  |d 1959-  |4 aut  |9 92260 
773 0 |t Geotourism and montaneous tourism  |d Košice : Technical University, 2010  |g S. 47-49  |z 9788055304786 
958 |a OND 
958 |a article12 
958 |a chapter 
999 |c 1313103  |d 1315033